000 00598nam a2200229Ia 4500
003 OSt
005 20221007080744.0
006 a|||||r|||| 00| 0
007 ta
008 221006b |||||||| |||| 00| 0 eng d
024 _a13,853
037 _cTextual
040 _aFLL
_cFLL
_beng
041 _2eng
_aeng
082 _aW0aR4, L8
100 _aHampshire Stuart
245 0 _aPublic and private morality
260 _aNew York
_bCambridge University Press New
_c1978
300 _a143p
_ccm.
942 _hW0aR4, L8
_cTEXL
_2CC
999 _c1160797
_d1160797